[Event "EYCC 2024 - G16"]
[Site "?"]
[Date "2024.08.28"]
[Round "6.8"]
[White "Novomeska, Karin"]
[Black "Dobsa, Emma"]
[Result "1-0"]
[BlackElo "1937"]
[WhiteElo "1815"]
[LiveChessVersion "1.4.8"]

1. d4 {[%clk 1:30:54]} d5 {[%clk 1:30:54]} 2. c4 {[%clk 1:31:19]} c6
{[%clk 1:31:16]} 3. Nf3 {[%clk 1:31:42]} Nf6 {[%clk 1:31:41]} 4. Nc3
{[%clk 1:32:07]} dxc4 {[%clk 1:32:06]} 5. a4 {[%clk 1:32:29]} Bf5
{[%clk 1:32:19]} 6. Ne5 {[%clk 1:32:52]} Nbd7 {[%clk 1:32:36]} 7. Nxc4
{[%clk 1:33:13]} Qc7 {[%clk 1:32:59]} 8. g3 {[%clk 1:33:32]} e5 {[%clk 1:33:23]}
9. dxe5 {[%clk 1:33:57]} Nxe5 {[%clk 1:33:48]} 10. Bf4 {[%clk 1:34:20]} Nfd7
{[%clk 1:34:12]} 11. Bg2 {[%clk 1:34:41]} g5 {[%clk 1:34:13]} 12. Ne3
{[%clk 1:34:57]} gxf4 {[%clk 1:34:20]} 13. Nxf5 {[%clk 1:35:16]} O-O-O
{[%clk 1:34:45]} 14. Qc2 {[%clk 1:35:38]} Nc5 {[%clk 1:35:03]} 15. O-O
{[%clk 1:34:35]} fxg3 {[%clk 1:35:28]} 16. hxg3 {[%clk 1:34:54]} a5
{[%clk 1:35:51]} 17. Rfd1 {[%clk 1:34:41]} h5 {[%clk 1:35:40]} 18. Rxd8+
{[%clk 1:35:02]} Qxd8 {[%clk 1:36:06]} 19. Rd1 {[%clk 1:35:24]} Qf6
{[%clk 1:36:34]} 20. Ne4 {[%clk 1:35:37]} Nxe4 {[%clk 1:37:03]} 21. Qxe4
{[%clk 1:35:58]} Bc5 {[%clk 1:37:17]} 22. Bh3 {[%clk 1:36:00]} Kc7
{[%clk 1:32:04]} 23. e3 {[%clk 1:17:57]} Rg8 {[%clk 1:19:43]} 24. Kg2
{[%clk 0:57:21]} Kb8 {[%clk 0:48:35]} 25. Qh4 {[%clk 0:47:11]} Qxh4
{[%clk 0:47:45]} 26. Nxh4 {[%clk 0:47:39]} Bb6 {[%clk 0:45:12]} 27. Nf5
{[%clk 0:34:31]} Rd8 {[%clk 0:40:51]} 28. Rxd8+ {[%clk 0:28:37]} Bxd8
{[%clk 0:41:19]} 29. b3 {[%clk 0:27:17]} Kc7 {[%clk 0:36:02]} 30. Ng7
{[%clk 0:21:56]} Nd3 {[%clk 0:33:03]} 31. Bf5 {[%clk 0:16:38]} Nc1
{[%clk 0:31:28]} 32. Ne8+ {[%clk 0:10:58]} Kb6 {[%clk 0:30:08]} 33. Nd6
{[%clk 0:10:50]} f6 {[%clk 0:28:08]} 34. Be6 {[%clk 0:07:32]} Nd3
{[%clk 0:21:21]} 35. f4 {[%clk 0:06:13]} Nc5 {[%clk 0:18:41]} 36. Bc4
{[%clk 0:05:28]} Ka7 {[%clk 0:17:58]} 37. Kh3 {[%clk 0:02:24]} Bc7
{[%clk 0:16:12]} 38. Ne8 {[%clk 0:01:52]} Bd8 {[%clk 0:16:41]} 39. Kh4
{[%clk 0:01:04]} Ne4 {[%clk 0:13:39]} 40. Ng7 {[%clk 0:00:57]} Bb6
{[%clk 0:11:24]} 41. Nf5 {[%clk 0:01:15]} Bd8 {[%clk 0:10:39]} 42. Kxh5
{[%clk 0:01:28]} Nd2 {[%clk 0:10:56]} 43. Be6 {[%clk 0:01:06]} b5
{[%clk 0:09:52]} 44. axb5 {[%clk 0:01:24]} cxb5 {[%clk 0:10:15]} 45. g4
{[%clk 0:01:05]} Ne4 {[%clk 0:09:53]} 46. Nd4 {[%clk 0:01:04]} Kb6
{[%clk 0:07:49]} 47. Bd7 {[%clk 0:01:33]} Nc5 {[%clk 0:06:29]} 48. Bxb5
{[%clk 0:00:59]} Nxb3 {[%clk 0:06:53]} 49. Be8 {[%clk 0:00:52]} Nc5
{[%clk 0:06:01]} 50. Kg6 {[%clk 0:01:03]} a4 {[%clk 0:04:44]} 51. Bf7
{[%clk 0:01:11]} Ne4 {[%clk 0:03:49]} 52. Ne2 {[%clk 0:00:59]} a3
{[%clk 0:01:58]} 53. Nc1 {[%clk 0:01:07]} Kc6 {[%clk 0:01:33]} 54. Be8+
{[%clk 0:00:55]} Kd6 {[%clk 0:01:37]} 55. Na2 {[%clk 0:01:03]} Bb6
{[%clk 0:01:20]} 56. Kf5 {[%clk 0:01:21]} Ng3+ {[%clk 0:00:45]} 57. Kxf6
{[%clk 0:01:46]} Bxe3 {[%clk 0:01:09]} 58. f5 {[%clk 0:02:03]} Ne4+
{[%clk 0:01:14]} 59. Kg6 {[%clk 0:01:00]} Ke7 {[%clk 0:00:57]} 60. Bc6
{[%clk 0:01:12]} Nf2 {[%clk 0:01:03]} 61. f6+ {[%clk 0:00:55]} Kf8
{[%clk 0:01:23]} 62. Bd7 {[%clk 0:00:57]} Nh3 {[%clk 0:01:23]} 63. Kf5
{[%clk 0:00:48]} Ng5 {[%clk 0:01:28]} 64. Bc6 {[%clk 0:01:04]} Bd2
{[%clk 0:01:32]} 65. Bd5 {[%clk 0:01:23]} Nh3 {[%clk 0:01:32]} 66. Bc4
{[%clk 0:01:02]} Ng5 {[%clk 0:01:23]} 67. Bb3 {[%clk 0:00:45]} Nf3
{[%clk 0:01:07]} 68. Bd5 {[%clk 0:01:05]} Ng5 {[%clk 0:01:10]} 69. Nb4
{[%clk 0:01:03]} Nf7 {[%clk 0:01:07]} 70. Nc6 {[%clk 0:01:03]} Nd6+
{[%clk 0:01:07]} 71. Kg6 {[%clk 0:01:04]} Ne4 {[%clk 0:01:02]} 72. Nd4
{[%clk 0:01:00]} Bb4 {[%clk 0:00:43]} 73. f7 {[%clk 0:00:50]} Ke7
{[%clk 0:00:56]} 74. Nc6+ {[%clk 0:01:04]} Kd7 {[%clk 0:00:39]} 75. Nxb4
{[%clk 0:01:19]} 1-0

[Event "EYCC 2024 - G16"]
[Site "?"]
[Date "2024.08.28"]
[Round "6.9"]
[White "Vujatovic, Irina"]
[Black "Haapsal, Maria Ioanna"]
[Result "1/2-1/2"]
[BlackElo "1704"]
[WhiteElo "1913"]
[LiveChessVersion "1.4.8"]

1. e4 {[%clk 1:30:57]} c6 {[%clk 1:30:41]} 2. Nf3 {[%clk 1:31:13]} d5
{[%clk 1:31:03]} 3. Nc3 {[%clk 1:31:39]} Bg4 {[%clk 1:31:21]} 4. h3
{[%clk 1:32:05]} Bxf3 {[%clk 1:31:30]} 5. Qxf3 {[%clk 1:32:29]} Nf6
{[%clk 1:31:31]} 6. d3 {[%clk 1:32:54]} e6 {[%clk 1:31:18]} 7. Qe2
{[%clk 1:33:07]} Bb4 {[%clk 1:30:37]} 8. Bd2 {[%clk 1:33:31]} O-O
{[%clk 1:30:11]} 9. g3 {[%clk 1:33:29]} d4 {[%clk 1:29:46]} 10. Nb1
{[%clk 1:33:53]} Bxd2+ {[%clk 1:29:58]} 11. Nxd2 {[%clk 1:34:16]} e5
{[%clk 1:29:59]} 12. Bg2 {[%clk 1:34:35]} Nbd7 {[%clk 1:28:54]} 13. O-O
{[%clk 1:34:55]} a5 {[%clk 1:27:52]} 14. f4 {[%clk 1:34:51]} a4 {[%clk 1:25:15]}
15. f5 {[%clk 1:34:52]} Re8 {[%clk 1:17:43]} 16. g4 {[%clk 1:35:10]} g5
{[%clk 1:13:26]} 17. Nf3 {[%clk 1:31:03]} h6 {[%clk 1:13:26]} 18. Qd2
{[%clk 1:31:13]} Nh7 {[%clk 1:10:32]} 19. h4 {[%clk 1:30:11]} f6 {[%clk 1:06:38]}
20. Kf2 {[%clk 1:29:17]} Re7 {[%clk 0:48:58]} 21. Rh1 {[%clk 1:26:35]} c5
{[%clk 0:40:36]} 22. hxg5 {[%clk 1:25:14]} hxg5 {[%clk 0:40:59]} 23. c4
{[%clk 1:24:34]} Ndf8 {[%clk 0:36:27]} 24. Rh5 {[%clk 1:23:23]} Kf7
{[%clk 0:29:09]} 25. Ne1 {[%clk 1:17:22]} Qa5 {[%clk 0:26:35]} 26. Qxa5
{[%clk 1:17:14]} Rxa5 {[%clk 0:26:58]} 27. Nc2 {[%clk 1:17:29]} Ke8
{[%clk 0:24:25]} 28. Rah1 {[%clk 1:17:34]} b5 {[%clk 0:22:49]} 29. Na3
{[%clk 1:17:33]} b4 {[%clk 0:23:00]} 30. Nb5 {[%clk 1:17:40]} Kd7
{[%clk 0:21:39]} 31. Bf3 {[%clk 1:17:16]} Kc6 {[%clk 0:21:12]} 32. Bd1
{[%clk 1:16:38]} Ra6 {[%clk 0:20:27]} 33. Ke2 {[%clk 1:16:15]} Ra5
{[%clk 0:19:56]} 34. Kd2 {[%clk 1:16:22]} Ra6 {[%clk 0:19:19]} 35. Bc2
{[%clk 1:15:24]} Rb7 {[%clk 0:18:19]} 36. Ra1 {[%clk 1:15:02]} Ra5
{[%clk 0:14:32]} 37. Rah1 {[%clk 1:14:33]} Ra6 {[%clk 0:14:45]} 38. Rh6
{[%clk 1:13:30]} Rg7 {[%clk 0:13:04]} 39. Ra1 {[%clk 1:10:22]} Rb7
{[%clk 0:12:40]} 40. Rf1 {[%clk 1:08:11]} Re7 {[%clk 0:12:09]} 41. b3
{[%clk 1:05:37]} a3 {[%clk 0:12:09]} 42. Rfh1 {[%clk 1:02:07]} Ra8
{[%clk 0:12:04]} 43. Ke2 {[%clk 1:00:20]} Rg7 {[%clk 0:10:58]} 44. Kf2
{[%clk 1:00:10]} Re7 {[%clk 0:11:22]} 45. Kg3 {[%clk 1:00:22]} Ra6
{[%clk 0:07:56]} 46. Bd1 {[%clk 1:00:13]} Ra8 {[%clk 0:08:16]} 47. Bf3
{[%clk 1:00:36]} Rb8 {[%clk 0:07:44]} 48. Bg2 {[%clk 0:59:37]} Ra8 49. Rf1
{[%clk 0:57:51]} Rg7 {[%clk 0:06:56]} 50. Rc1 {[%clk 0:56:08]} Rb8
{[%clk 0:06:51]} 51. Rc2 {[%clk 0:55:52]} Rbb7 {[%clk 0:06:51]} 52. Rc1
{[%clk 0:53:50]} Rb8 {[%clk 0:07:20]} 53. Rb1 {[%clk 0:54:12]} Rbb7
{[%clk 0:07:15]} 54. Bf3 {[%clk 0:54:33]} Rb8 {[%clk 0:07:28]} 55. Bd1
{[%clk 0:54:48]} Ra8 {[%clk 0:07:46]} 56. Rh2 {[%clk 0:54:24]} Ra6
{[%clk 0:07:52]} 57. Rc1 {[%clk 0:51:59]} Ra8 {[%clk 0:07:36]} 58. Bf3
{[%clk 0:51:31]} Rb8 {[%clk 0:07:49]} 59. Rh6 {[%clk 0:49:10]} Ra8
{[%clk 0:07:32]} 60. Rch1 {[%clk 0:45:47]} Re7 {[%clk 0:07:05]} 61. Bg2
{[%clk 0:44:32]} Rb8 {[%clk 0:07:21]} 62. R6h2 {[%clk 0:41:12]} Ra8
{[%clk 0:07:25]} 63. Bf3 {[%clk 0:41:31]} Ra6 {[%clk 0:07:07]} 64. Rb1
{[%clk 0:41:46]} Ra8 {[%clk 0:07:20]} 65. Rc2 {[%clk 0:42:05]} Rd7
{[%clk 0:06:31]} 66. Rh1 {[%clk 0:40:50]} Ra6 {[%clk 0:06:22]} 67. Rh6
{[%clk 0:41:06]} Ra8 {[%clk 0:06:33]} 68. Bg2 {[%clk 0:41:13]} Ra6
{[%clk 0:06:46]} 69. Rf2 {[%clk 0:37:40]} Rg7 {[%clk 0:06:58]} 70. Rf1
{[%clk 0:37:52]} Ra8 {[%clk 0:07:18]} 71. Bf3 {[%clk 0:37:56]} Ra6
{[%clk 0:07:34]} 72. Rc1 {[%clk 0:36:02]} Ra8 {[%clk 0:07:33]} 73. Rch1
{[%clk 0:35:00]} Rd7 {[%clk 0:07:03]} 74. Bg2 {[%clk 0:34:44]} Re7
{[%clk 0:06:36]} 75. R1h2 {[%clk 0:33:44]} Rd7 {[%clk 0:06:43]} 76. Bf3
{[%clk 0:33:35]} Re7 {[%clk 0:07:08]} 77. Bh1 {[%clk 0:34:00]} Rd7
{[%clk 0:07:22]} 78. Bf3 {[%clk 0:33:41]} Re7 {[%clk 0:07:42]} 79. Bd1
{[%clk 0:34:08]} Rd7 {[%clk 0:07:51]} 80. Rg6 {[%clk 0:33:47]} Rb8
{[%clk 0:00:51]} 81. Rg8 {[%clk 0:30:23]} Rbb7 {[%clk 0:00:58]} 82. Rh6
{[%clk 0:26:38]} Rf7 {[%clk 0:00:55]} 83. Rh8 {[%clk 0:22:10]} Rb8
{[%clk 0:00:46]} 84. Rg6 {[%clk 0:21:56]} Rd8 {[%clk 0:00:42]} 85. Rgg8
{[%clk 0:22:08]} Rb8 {[%clk 0:00:56]} 86. Rg6 {[%clk 0:21:03]} Ra8
{[%clk 0:01:22]} 87. Rhg8 {[%clk 0:21:10]} Rb8 {[%clk 0:01:18]} 88. R6g7
{[%clk 0:21:20]} Rbb7 {[%clk 0:00:55]} 89. Rxh7 {[%clk 0:19:01]} Nxh7
{[%clk 0:00:57]} 90. Ra8 {[%clk 0:18:10]} Rf8 {[%clk 0:00:49]} 91. Ra6+
{[%clk 0:18:21]} Rb6 {[%clk 0:00:54]} 92. Ra7 {[%clk 0:18:32]} Rb7
{[%clk 0:01:10]} 93. Ra6+ {[%clk 0:18:13]} 1/2-1/2

[Event "EYCC 2024 - G16"]
[Site "?"]
[Date "2024.08.28"]
[Round "6.10"]
[White "Tomcaniova, Lucia"]
[Black "Hakobova, Alisa"]
[Result "0-1"]
[BlackElo "1619"]
[WhiteElo "1901"]
[LiveChessVersion "1.4.8"]

1. e4 {[%clk 1:30:56]} c5 {[%clk 1:30:58]} 2. Nf3 {[%clk 1:31:02]} e6
{[%clk 1:31:24]} 3. d4 cxd4 {[%clk 1:31:47]} 4. Nxd4 {[%clk 1:27:53]} Nf6
{[%clk 1:32:07]} 5. Nc3 {[%clk 1:28:05]} Nc6 {[%clk 1:24:58]} 6. Be3
{[%clk 1:20:02]} Bb4 {[%clk 1:22:46]} 7. Bd3 {[%clk 1:13:15]} O-O
{[%clk 1:22:10]} 8. O-O {[%clk 1:04:39]} d5 {[%clk 1:16:48]} 9. Nxc6
{[%clk 0:47:30]} bxc6 {[%clk 1:17:13]} 10. e5 {[%clk 0:47:30]} Nd7
{[%clk 1:17:35]} 11. f4 {[%clk 0:46:11]} g6 {[%clk 1:11:49]} 12. Qg4
{[%clk 0:37:05]} f5 {[%clk 1:09:09]} 13. Qh3 {[%clk 0:31:22]} c5 {[%clk 1:02:38]}
14. a3 {[%clk 0:29:54]} Ba5 {[%clk 1:01:45]} 15. Bf2 {[%clk 0:23:51]} c4
{[%clk 0:57:59]} 16. Be2 {[%clk 0:23:33]} Bb6 {[%clk 0:58:24]} 17. Bf3
{[%clk 0:20:01]} Nc5 {[%clk 0:49:49]} 18. Rad1 {[%clk 0:18:19]} Bb7
{[%clk 0:50:08]} 19. Nb5 {[%clk 0:14:52]} Ba6 {[%clk 0:43:51]} 20. Nd4
{[%clk 0:13:22]} Bc8 {[%clk 0:38:47]} 21. Bh4 {[%clk 0:11:03]} Qe8
{[%clk 0:38:42]} 22. Kh1 {[%clk 0:10:48]} Na4 {[%clk 0:37:50]} 23. b4
{[%clk 0:07:39]} Nb2 {[%clk 0:37:59]} 24. c3 {[%clk 0:05:24]} Nxd1
{[%clk 0:36:34]} 25. Bxd1 {[%clk 0:05:30]} a5 {[%clk 0:36:47]} 26. Bf2
{[%clk 0:03:42]} axb4 {[%clk 0:35:19]} 27. axb4 {[%clk 0:04:07]} Ra1
{[%clk 0:34:01]} 28. Qf3 {[%clk 0:01:58]} Bxd4 {[%clk 0:33:31]} 29. Bxd4
{[%clk 0:02:18]} Bd7 {[%clk 0:33:51]} 30. Bc5 {[%clk 0:02:03]} Rf7
{[%clk 0:34:17]} 31. Be2 {[%clk 0:01:47]} Qa8 {[%clk 0:34:19]} 32. h3
{[%clk 0:01:16]} Ra2 {[%clk 0:34:25]} 33. Rb1 {[%clk 0:00:55]} Bb5
{[%clk 0:34:44]} 34. Qf1 {[%clk 0:00:47]} Qa3 {[%clk 0:34:59]} 35. Bd4
{[%clk 0:01:01]} Rf8 {[%clk 0:33:48]} 36. Bf3 {[%clk 0:01:24]} Ra8
{[%clk 0:33:32]} 37. Qc1 {[%clk 0:01:42]} Qa6 {[%clk 0:32:03]} 38. Rb2
{[%clk 0:01:39]} Ra3 {[%clk 0:31:59]} 39. Kh2 {[%clk 0:01:37]} Rb3
{[%clk 0:31:37]} 40. Bd1 {[%clk 0:01:51]} Ra3 {[%clk 0:31:37]} 41. Bf3
{[%clk 0:02:15]} Rb3 {[%clk 0:25:06]} 42. Bd1 {[%clk 0:02:26]} Rxb2
{[%clk 0:25:27]} 43. Qxb2 {[%clk 0:02:50]} Qa1 {[%clk 0:25:55]} 44. Qxa1
{[%clk 0:02:58]} Rxa1 {[%clk 0:26:22]} 45. Bf3 {[%clk 0:02:53]} Ra2
{[%clk 0:26:43]} 46. Kg1 {[%clk 0:02:43]} Rd2 {[%clk 0:25:43]} 47. Kf1
{[%clk 0:02:41]} Kf7 {[%clk 0:26:04]} 48. Ke1 {[%clk 0:03:03]} Ra2
{[%clk 0:26:30]} 49. Kd1 {[%clk 0:02:49]} h6 {[%clk 0:26:34]} 50. h4
{[%clk 0:02:10]} Ra1+ {[%clk 0:22:34]} 51. Ke2 {[%clk 0:02:04]} Rc1
{[%clk 0:21:57]} 52. Kd2 {[%clk 0:02:08]} Rh1 {[%clk 0:20:51]} 53. Bf2
{[%clk 0:02:13]} Ra1 {[%clk 0:20:45]} 54. Bd4 {[%clk 0:02:31]} h5
{[%clk 0:17:26]} 55. Be3 {[%clk 0:02:24]} Ke8 {[%clk 0:17:47]} 56. Bd4
{[%clk 0:02:32]} Kd7 {[%clk 0:18:14]} 57. Be3 {[%clk 0:02:37]} Kc6
{[%clk 0:18:32]} 58. Kc2 {[%clk 0:02:36]} Ba4+ {[%clk 0:17:46]} 59. Kd2
{[%clk 0:02:23]} Bb3 {[%clk 0:17:49]} 60. Bd4 {[%clk 0:02:28]} Ra2+
{[%clk 0:16:46]} 61. Ke1 {[%clk 0:02:17]} Bc2 {[%clk 0:16:45]} 62. g3
{[%clk 0:00:49]} Ra1+ {[%clk 0:16:27]} 63. Kf2 {[%clk 0:00:48]} Kb5
{[%clk 0:15:37]} 64. Be2 {[%clk 0:00:43]} Ra2 {[%clk 0:15:34]} 65. Ke1
{[%clk 0:00:38]} Ra8 {[%clk 0:14:48]} 66. Kd2 {[%clk 0:00:38]} Be4
{[%clk 0:15:04]} 67. Ke3 {[%clk 0:00:39]} Ra2 {[%clk 0:14:20]} 68. Bf1
{[%clk 0:00:36]} Rh2 {[%clk 0:13:23]} 69. Bc5 {[%clk 0:00:38]} Bd3
{[%clk 0:12:07]} 70. Bxd3 {[%clk 0:00:36]} cxd3 {[%clk 0:12:35]} 71. Kxd3
{[%clk 0:00:47]} Rg2 {[%clk 0:13:02]} 72. Bd4 {[%clk 0:00:55]} Rxg3+
{[%clk 0:13:28]} 73. Ke2 {[%clk 0:01:15]} Rg4 {[%clk 0:13:55]} 74. Kf3
{[%clk 0:00:36]} Rxh4 {[%clk 0:14:21]} 0-1

[Event "EYCC 2024 - G16"]
[Site "?"]
[Date "2024.08.28"]
[Round "6.11"]
[White "Jansone, Melanija Luize"]
[Black "Zadrapova, Amalie"]
[Result "1-0"]
[BlackElo "1894"]
[WhiteElo "1755"]
[LiveChessVersion "1.4.8"]

1. e4 {[%clk 1:30:55]} c5 {[%clk 1:30:56]} 2. Nf3 {[%clk 1:31:06]} d6
{[%clk 1:31:19]} 3. d4 {[%clk 1:31:22]} cxd4 {[%clk 1:31:42]} 4. Nxd4
{[%clk 1:31:40]} Nf6 {[%clk 1:32:04]} 5. Nc3 {[%clk 1:31:51]} a6 {[%clk 1:32:27]}
6. Rg1 {[%clk 1:29:55]} e5 {[%clk 1:29:51]} 7. Nb3 {[%clk 1:29:43]} Be7
{[%clk 1:27:43]} 8. g4 {[%clk 1:26:40]} h6 {[%clk 1:25:39]} 9. h4
{[%clk 1:10:21]} Be6 {[%clk 1:22:27]} 10. g5 {[%clk 1:04:49]} hxg5
{[%clk 1:22:28]} 11. hxg5 {[%clk 1:05:10]} Nfd7 {[%clk 1:22:09]} 12. Be3
{[%clk 1:03:41]} Nc6 {[%clk 1:19:12]} 13. Qd2 {[%clk 0:58:54]} Rc8
{[%clk 1:16:34]} 14. O-O-O {[%clk 0:49:35]} Nb4 {[%clk 1:04:40]} 15. Kb1
{[%clk 0:47:11]} Nc5 {[%clk 0:41:51]} 16. Nd5 {[%clk 0:35:14]} Nxd5
{[%clk 0:39:00]} 17. exd5 {[%clk 0:33:46]} Nxb3 {[%clk 0:35:11]} 18. axb3
{[%clk 0:34:00]} Bf5 {[%clk 0:30:03]} 19. Bd3 {[%clk 0:31:59]} e4
{[%clk 0:29:57]} 20. Be2 {[%clk 0:31:49]} f6 {[%clk 0:28:44]} 21. Bg4
{[%clk 0:25:33]} Bxg4 {[%clk 0:24:25]} 22. Rxg4 {[%clk 0:25:54]} f5
{[%clk 0:24:49]} 23. Rg3 {[%clk 0:24:06]} g6 {[%clk 0:22:15]} 24. f3
{[%clk 0:23:17]} exf3 {[%clk 0:21:11]} 25. Rxf3 {[%clk 0:23:39]} Rh4
{[%clk 0:19:35]} 26. Bf4 {[%clk 0:21:55]} Kf7 {[%clk 0:15:44]} 27. Re1
{[%clk 0:20:25]} Qd7 {[%clk 0:11:19]} 28. Rfe3 {[%clk 0:18:39]} Re8
{[%clk 0:08:40]} 29. Re6 {[%clk 0:18:39]} Rhh8 {[%clk 0:05:26]} 30. Qc3
{[%clk 0:16:18]} Bd8 {[%clk 0:03:07]} 31. Rf6+ {[%clk 0:14:41]} Bxf6
{[%clk 0:00:39]} 32. Qxf6+ {[%clk 0:15:03]} Kg8 {[%clk 0:00:51]} 33. Qxg6+
{[%clk 0:15:20]} Kf8 {[%clk 0:00:59]} 34. Bxd6+ {[%clk 0:15:40]} 1-0

[Event "EYCC 2024 - G16"]
[Site "?"]
[Date "2024.08.28"]
[Round "6.12"]
[White "Vermeulen, Hailey"]
[Black "Pereira-Davoine, Alana"]
[Result "1-0"]
[BlackElo "1892"]
[WhiteElo "1731"]
[LiveChessVersion "1.4.8"]

1. e4 {[%clk 1:30:56]} c5 {[%clk 1:30:55]} 2. Nf3 {[%clk 1:31:19]} d6
{[%clk 1:31:21]} 3. Bb5+ {[%clk 1:31:40]} Nd7 {[%clk 1:31:44]} 4. c3
{[%clk 1:31:53]} Ngf6 {[%clk 1:32:02]} 5. Qe2 {[%clk 1:32:07]} a6
{[%clk 1:28:35]} 6. Ba4 {[%clk 1:32:23]} b5 {[%clk 1:26:35]} 7. Bc2
{[%clk 1:32:42]} Bb7 {[%clk 1:26:41]} 8. d4 {[%clk 1:31:33]} e6 {[%clk 1:24:49]}
9. O-O {[%clk 1:31:35]} Be7 {[%clk 1:24:44]} 10. Re1 {[%clk 1:30:16]} d5
{[%clk 1:20:26]} 11. e5 {[%clk 1:29:15]} Ne4 {[%clk 1:19:56]} 12. Nbd2
{[%clk 1:28:43]} Nxd2 {[%clk 1:15:23]} 13. Bxd2 {[%clk 1:28:58]} Rc8
{[%clk 1:15:21]} 14. Qd3 {[%clk 1:24:20]} Nb6 {[%clk 1:11:21]} 15. Rad1
{[%clk 1:17:50]} c4 {[%clk 1:02:05]} 16. Qe2 {[%clk 1:17:35]} Kd7
{[%clk 1:01:12]} 17. Rf1 {[%clk 1:13:31]} Kc7 {[%clk 0:59:25]} 18. Ne1
{[%clk 1:13:23]} Kb8 {[%clk 0:58:19]} 19. f4 {[%clk 1:13:12]} g6 {[%clk 0:57:09]}
20. Nf3 {[%clk 1:11:23]} Qf8 {[%clk 0:55:18]} 21. Ng5 {[%clk 1:08:06]} h6
{[%clk 0:54:54]} 22. Nf3 {[%clk 1:08:19]} Qg7 {[%clk 0:54:58]} 23. Ra1
{[%clk 1:05:16]} Bc6 {[%clk 0:54:26]} 24. b3 {[%clk 1:03:28]} Bd7
{[%clk 0:49:07]} 25. a4 {[%clk 0:59:28]} g5 {[%clk 0:48:08]} 26. axb5
{[%clk 0:57:57]} Bxb5 {[%clk 0:47:32]} 27. b4 {[%clk 0:55:36]} gxf4
{[%clk 0:46:34]} 28. Bxf4 {[%clk 0:55:40]} Rcg8 {[%clk 0:45:36]} 29. Bg3
{[%clk 0:54:59]} h5 {[%clk 0:45:32]} 30. Nh4 Qg4 {[%clk 0:42:21]} 31. Qf2
{[%clk 0:50:52]} Rf8 {[%clk 0:35:35]} 32. Qf4 {[%clk 0:47:28]} Kb7
{[%clk 0:28:27]} 33. Bd1 {[%clk 0:44:07]} Qg7 {[%clk 0:28:37]} 34. Rf2
{[%clk 0:42:52]} Bg5 {[%clk 0:25:27]} 35. Qf3 {[%clk 0:41:38]} f5
{[%clk 0:23:13]} 36. exf6 {[%clk 0:34:53]} Bxf6 {[%clk 0:22:56]} 37. Qe2
{[%clk 0:29:26]} Re8 {[%clk 0:21:22]} 38. Bc2 {[%clk 0:29:15]} Rh6
{[%clk 0:19:56]} 39. Raf1 {[%clk 0:28:26]} Bd7 {[%clk 0:17:01]} 40. Ng6
{[%clk 0:25:14]} Bd8 41. Rf7 {[%clk 0:24:51]} Qg8 {[%clk 0:11:26]} 42. Be5
{[%clk 0:23:42]} Rxg6 {[%clk 0:10:46]} 43. Bxg6 {[%clk 0:24:04]} Qxg6
{[%clk 0:11:09]} 44. Rg7 {[%clk 0:23:10]} Qd3 {[%clk 0:09:50]} 45. Qxh5
{[%clk 0:22:05]} Re7 {[%clk 0:07:16]} 46. Rg3 {[%clk 0:21:29]} Qh7
{[%clk 0:06:59]} 47. Qe2 {[%clk 0:21:08]} Na4 {[%clk 0:06:59]} 48. Ra1
{[%clk 0:20:43]} Nxc3 {[%clk 0:06:41]} 49. Rxc3 {[%clk 0:20:54]} Rf7
{[%clk 0:06:24]} 50. Rh3 {[%clk 0:20:25]} Qf5 {[%clk 0:06:15]} 51. Rf3
{[%clk 0:19:26]} Qg6 {[%clk 0:06:30]} 52. Rfa3 Bb5 {[%clk 0:06:45]} 53. Qa2
{[%clk 0:19:17]} Bb6 {[%clk 0:02:58]} 54. Rxa6 {[%clk 0:18:33]} Rf8
{[%clk 0:01:06]} 55. Rxb6+ {[%clk 0:18:47]} Kxb6 {[%clk 0:01:21]} 56. Qa5+
{[%clk 0:19:11]} 1-0

[Event "EYCC 2024 - G16"]
[Site "?"]
[Date "2024.08.28"]
[Round "6.13"]
[White "Budagova, Leyla"]
[Black "Natoli, Alessia"]
[Result "0-1"]
[BlackElo "1944"]
[WhiteElo "1717"]
[LiveChessVersion "1.4.8"]

1. e4 {[%clk 1:30:57]} c5 {[%clk 1:30:54]} 2. Nf3 {[%clk 1:31:23]} Nc6
{[%clk 1:31:18]} 3. d4 {[%clk 1:31:41]} cxd4 {[%clk 1:31:41]} 4. Nxd4
{[%clk 1:32:08]} Nf6 {[%clk 1:31:59]} 5. Nc3 {[%clk 1:32:34]} d6 {[%clk 1:32:18]}
6. f3 {[%clk 1:29:35]} e5 {[%clk 1:32:12]} 7. Nb3 {[%clk 1:29:49]} Be7
{[%clk 1:31:47]} 8. Be3 {[%clk 1:26:49]} O-O {[%clk 1:29:09]} 9. Qd2
{[%clk 1:23:27]} Be6 {[%clk 1:27:53]} 10. Nd5 {[%clk 1:22:51]} a5
{[%clk 1:25:46]} 11. Bb6 {[%clk 1:14:52]} Qb8 {[%clk 1:25:22]} 12. Nc7
{[%clk 1:06:08]} a4 {[%clk 1:24:51]} 13. Nc1 {[%clk 1:04:56]} Ra6
{[%clk 1:16:27]} 14. Nxe6 {[%clk 0:50:55]} fxe6 {[%clk 1:15:51]} 15. Be3
{[%clk 0:46:46]} b5 {[%clk 1:13:23]} 16. Nd3 {[%clk 0:42:12]} d5 {[%clk 1:08:14]}
17. exd5 {[%clk 0:40:21]} exd5 {[%clk 1:05:56]} 18. c3 {[%clk 0:25:06]} d4
{[%clk 0:50:07]} 19. cxd4 {[%clk 0:24:02]} exd4 {[%clk 0:49:24]} 20. Bf4
{[%clk 0:21:48]} Bd6 {[%clk 0:46:17]} 21. Bxd6 {[%clk 0:16:55]} Qxd6
{[%clk 0:46:38]} 22. Be2 {[%clk 0:15:49]} Re8 {[%clk 0:42:09]} 23. O-O
{[%clk 0:14:58]} Re3 {[%clk 0:40:14]} 24. Rac1 {[%clk 0:12:43]} Ra8
{[%clk 0:35:08]} 25. a3 {[%clk 0:11:06]} Rae8 {[%clk 0:33:14]} 26. Rf2
{[%clk 0:11:09]} Nd5 {[%clk 0:29:10]} 27. Bf1 {[%clk 0:10:53]} Nb6
{[%clk 0:24:09]} 28. Nc5 {[%clk 0:03:38]} R8e5 {[%clk 0:17:19]} 29. Ne4
{[%clk 0:03:31]} Qd7 {[%clk 0:15:51]} 30. Re2 {[%clk 0:01:16]} Nc4
{[%clk 0:12:17]} 31. Rxc4 {[%clk 0:01:36]} Rxe2 {[%clk 0:12:41]} 32. Bxe2
{[%clk 0:01:00]} bxc4 {[%clk 0:12:48]} 33. Bxc4+ {[%clk 0:01:24]} Kf8
{[%clk 0:12:06]} 34. Qf4+ {[%clk 0:00:47]} Qf5 {[%clk 0:11:32]} 35. Qc1
{[%clk 0:01:11]} Qd7 {[%clk 0:10:02]} 36. Qf4+ {[%clk 0:01:13]} Rf5
{[%clk 0:09:39]} 37. Qd2 {[%clk 0:00:58]} Qe7 {[%clk 0:04:38]} 38. Qd1
{[%clk 0:00:48]} Ra5 {[%clk 0:03:52]} 39. Qd2 {[%clk 0:01:02]} Qe5
{[%clk 0:03:40]} 40. Bd3 {[%clk 0:00:49]} h6 {[%clk 0:02:50]} 41. Qc1
{[%clk 0:01:11]} Ne7 {[%clk 0:01:52]} 42. Qc2 {[%clk 0:01:14]} g6
{[%clk 0:01:45]} 43. Qc1 {[%clk 0:01:34]} Kg7 {[%clk 0:02:02]} 44. Qc4
{[%clk 0:01:16]} Ra7 {[%clk 0:01:05]} 45. Nc5 {[%clk 0:00:47]} Qd5
{[%clk 0:00:44]} 46. Qc2 {[%clk 0:00:49]} Nf5 {[%clk 0:00:39]} 47. Be4
{[%clk 0:00:56]} Qe5 {[%clk 0:00:33]} 48. Qc4 {[%clk 0:00:47]} Re7
{[%clk 0:00:32]} 49. Nxa4 {[%clk 0:00:54]} Nd6 {[%clk 0:00:50]} 50. Qc5
{[%clk 0:00:55]} Nxe4 {[%clk 0:01:06]} 51. Qxe5+ {[%clk 0:01:22]} Rxe5
{[%clk 0:01:27]} 52. fxe4 {[%clk 0:01:49]} Rxe4 {[%clk 0:01:49]} 53. Kf2
{[%clk 0:02:07]} d3 {[%clk 0:01:48]} 54. Nc3 {[%clk 0:02:27]} d2 {[%clk 0:01:59]}
55. b4 {[%clk 0:01:44]} Re1 {[%clk 0:02:22]} 56. b5 {[%clk 0:02:00]} d1=Q
{[%clk 0:02:43]} 57. Nxd1 {[%clk 0:02:28]} Rxd1 {[%clk 0:03:05]} 58. Ke3
{[%clk 0:02:53]} Rb1 {[%clk 0:02:45]} 59. a4 {[%clk 0:03:18]} Rb4
{[%clk 0:03:05]} 60. Kd3 {[%clk 0:03:46]} Rxa4 {[%clk 0:03:23]} 61. Kc3
{[%clk 0:04:14]} Kf6 {[%clk 0:03:20]} 62. Kb3 {[%clk 0:04:42]} Re4
{[%clk 0:03:40]} 63. Kc3 {[%clk 0:05:04]} Ke5 0-1